<?xml version="1.0" encoding="UTF-8"?>
<collection xmlns="http://www.loc.gov/MARC21/slim">
 <record>
  <leader>00920nam a22002295a 4500</leader>
  <controlfield tag="001">EUN.eunm003549</controlfield>
  <controlfield tag="005">20111107122048.0</controlfield>
  <controlfield tag="008">110601s2006####mx#a#####b####001#0#spa#d</controlfield>
  <datafield tag="020" ind1=" " ind2=" ">
   <subfield code="a">9706864709</subfield>
  </datafield>
  <datafield tag="020" ind1=" " ind2=" ">
   <subfield code="a">9789706864709 (ISBN-13)</subfield>
  </datafield>
  <datafield tag="041" ind1="1" ind2=" ">
   <subfield code="a">spa</subfield>
   <subfield code="h">eng</subfield>
  </datafield>
  <datafield tag="082" ind1="0" ind2="4">
   <subfield code="a">574.5</subfield>
   <subfield code="2">19</subfield>
  </datafield>
  <datafield tag="100" ind1="1" ind2=" ">
   <subfield code="a">Odum, Eugene P.</subfield>
   <subfield code="q">(Eugene Pleasants),</subfield>
   <subfield code="d">1913-2002.</subfield>
  </datafield>
  <datafield tag="245" ind1="1" ind2="0">
   <subfield code="a">Fundamentos de ecología /</subfield>
   <subfield code="c">Eugene P. Odum, Gary W. Barrett ; revisión técnica: Álvaro Chaos Cador ; traducción: Teresa Aguilar Ortega.</subfield>
  </datafield>
  <datafield tag="250" ind1=" " ind2=" ">
   <subfield code="a">5a. ed.</subfield>
  </datafield>
  <datafield tag="260" ind1=" " ind2=" ">
   <subfield code="a">México, D.F. :</subfield>
   <subfield code="b">Cengage Learning,</subfield>
   <subfield code="c">c2006.</subfield>
  </datafield>
  <datafield tag="300" ind1=" " ind2=" ">
   <subfield code="a">xvi, 597 p. :</subfield>
   <subfield code="b">il. ;</subfield>
   <subfield code="c">26 cm.</subfield>
  </datafield>
  <datafield tag="500" ind1=" " ind2=" ">
   <subfield code="a">Traducción de: Fundamentals of ecology, 5th ed.; publicado por Thomson/Brooks/Cole, c2005.</subfield>
  </datafield>
  <datafield tag="504" ind1=" " ind2=" ">
   <subfield code="a">Incluye referencias bibliográficas e índices.</subfield>
  </datafield>
  <datafield tag="650" ind1=" " ind2="7">
   <subfield code="a">Ecología.</subfield>
   <subfield code="2">unbist</subfield>
  </datafield>
  <datafield tag="700" ind1="1" ind2=" ">
   <subfield code="a">Barrett, Gary W.</subfield>
  </datafield>
  <datafield tag="859" ind1=" " ind2=" ">
   <subfield code="a">AR-BaUNS</subfield>
   <subfield code="b">BIB. CENTRAL - Sector A</subfield>
   <subfield code="h">574.5</subfield>
   <subfield code="i">Od8-2a3</subfield>
   <subfield code="p">122144/011</subfield>
  </datafield>
 </record>
</collection>
